000
00345nam a2200157Ia 4500
003
OSt
005
20240306103736.0
008
170523s9999 xx 000 0 und d
020
_a
978-9352833283
040
_c
iimtu meerut
100
_a
GUPTA- AGARWAL
245
0
_a
ACCOUNTANCY
260
_b
SULTAN CHAND CO
260
_c
2002
942
_2
ddc
_c
02
999
_c
985
_d
985